Statistics for Breaking Bad Most frequently occurring characters

Click here to take the quiz!

General Stats

  • This quiz has been taken 179 times
    (177 since last reset)
  • The average score is 17 of 32

Answer Stats

Number of EpisodesAnswer% Correct
62Walter White
100%
62Jesse Pinkman
98%
24Gustavo Fring
97%
51Hank Schrader
95%
61Skyler White
95%
53Walter "Flynn" White Jr.
90%
36Saul Goodman
89%
50Marie Schrader
86%
25Mike Ehrmantraut
86%
8Hector Salamanca
77%
33Steven Gomez
71%
12Brandon "Badger" Mayhew
70%
15Skinny Pete
65%
11Todd Alquist
60%
9Jane Margolis
52%
11Huell Babineaux
48%
9Lydia Rodarte-Quayle
48%
11Victor
46%
32Holly White
45%
7Jack Welker
45%
10Tyrus Kitt
38%
13Ted Beneke
37%
7Gale Boetticher
35%
9Andrea Cantillo
34%
8Brock Cantillo
33%
9Francesca Liddy
19%
6Leonel Salamanca
16%
7Kenny
11%
9Carmen Molina
9%
10George Merkert
6%
6Frankie
4%
7Dr. Delcavoli
2%

Score Distribution

Percentile by Number Answered

Percent of People with Each Score

Your Score History

You have not taken this quiz since the last reset